000 01150nam a2200265 i 4500
001 10533
003 KOSZ 005
005 20180427084645.0
008 180426s1999 pl f |000 0 pol d
020 _a8388283006
040 _cBPK
_dKOSZ 005/HR
080 _a004
080 _a(075.8)
100 1 _aNIEKRASZ, Barbara.
_bPolitechnika Koszalińska - Wydział Ekonomii i Zarządzania,
_cKatedra Metod Ilościowych
245 1 0 _aInformatyka dla menedżerów /
_cBarbara Niekrasz, Anna Wallis.
260 _aKoszalin :
_bWydaw. Uczelniane Politechniki Koszalińskiej,
_c1999.
300 _a541 s. :
_brys. (w tym kolor.) ;
_c24 cm.
504 _aBibliogr. s. 539-541.
521 _aSkrypt Wydziału Ekonomii i Zarządzania do przedmiotu Informatyka.
650 0 _aInformatyka.
655 0 _aPodręczniki akademickie.
700 _aWALLIS, Anna.
_d1996 - .
_bPolitechnika Koszalińska - Wydział Ekonomii i Zarządzania,
_cKatedra Metod Ilościowych - Zakład Zastosowań Informatyki w Ekonomii
856 _uhttp://koha.tu.koszalin.pl/cgi-bin/koha/opac-detail.pl?biblionumber=36850
_yKatalog online BPK
942 _cKS
_2UKD
999 _c10533
_d10533